[Event "61st ch-RUS HL"]
[Site "Novokuznetsk RUS"]
[Date "2008.09.03"]
[Round "1"]
[White "Ovetchkin, R."]
[Black "Najer, E."]
[Result "1/2-1/2"]
[WhiteElo "2558"]
[BlackElo "2670"]
[PlyCount "117"]
[EventDate "2008.09.03"]

1. Nf3 d5 2. d4 Nf6 3. c4 c6 4. Nc3 a6 5. c5 Bg4 6. Qb3 Qc8 7. Ne5 Nbd7 8. Nxg4
Nxg4 9. Bg5 e5 10. e3 exd4 11. exd4 Nxc5 12. dxc5 Bxc5 13. O-O-O O-O 14. Na4
Bxf2 15. h3 Qf5 16. hxg4 Qxg5+ 17. Kb1 Qxg4 18. Nc3 g6 19. Qc2 Bg3 20. Be2 Qg5
21. Rd4 h5 22. Bf3 Rae8 23. Ne2 Be5 24. Rdh4 Bf6 25. R4h3 Re3 26. Rd1 Rfe8 27.
Rhh1 Bg7 28. Nc1 R8e7 29. a3 Qf4 30. Nd3 Qc4 31. Qxc4 dxc4 32. Nc1 R7e5 33.
Rd8+ Kh7 34. a4 f5 35. Rd7 Re7 36. Rxe7 Rxe7 37. Kc2 Bf6 38. Rd1 Be5 39. b3
cxb3+ 40. Nxb3 h4 41. Re1 g5 42. Na5 g4 43. Bd1 Kg6 44. Nxb7 Rxb7 45. Rxe5 Kg5
46. Be2 Kf4 47. Rc5 Rb4 48. a5 Kg3 49. Rxf5 Kxg2 50. Kc3 Re4 51. Bxa6 Re7 52.
Rh5 h3 53. Bc8 Rg7 54. a6 Ra7 55. Bxg4 h2 56. Bc8 h1=Q 57. Rxh1 Kxh1 58. Bb7
Rxa6 59. Bxa6 1/2-1/2

[Event "61st ch-RUS HL"]
[Site "Novokuznetsk RUS"]
[Date "2008.09.03"]
[Round "1"]
[White "Zvjaginsev, V."]
[Black "Shaposhnikov, E."]
[Result "1-0"]
[WhiteElo "2663"]
[BlackElo "2558"]
[PlyCount "123"]
[EventDate "2008.09.03"]

1. e4 c5 2. Nf3 d6 3. d4 Nf6 4. Bb5+ Bd7 5. Bxd7+ Qxd7 6. e5 dxe5 7. dxe5 Qxd1+
8. Kxd1 Ng4 9. Ke2 Nc6 10. Bf4 g5 11. Bxg5 Bg7 12. c3 Ngxe5 13. Nxe5 Nxe5 14.
Na3 O-O 15. Rhd1 b5 16. Bf4 Ng6 17. Be3 Rfc8 18. Rac1 a6 19. f4 e6 20. Nc2 Ne7
21. g3 Nd5 22. Bf2 Nb6 23. Ne3 Na4 24. Rd2 b4 25. Nd1 bxc3 26. Nxc3 Nxc3+ 27.
bxc3 Rab8 28. Rcc2 a5 29. Rd7 c4 30. Ra7 Ra8 31. Rxa8 Rxa8 32. Bd4 Bxd4 33.
cxd4 Rb8 34. Kd2 Rb4 35. Kc3 Kg7 36. Re2 Ra4 37. g4 Kf6 38. h4 h6 39. f5 Ra3+
40. Kxc4 Rg3 41. fxe6 fxe6 42. Re4 Rg2 43. a4 Rb2 44. g5+ hxg5 45. hxg5+ Kf7
46. g6+ Kxg6 47. Rxe6+ Kf7 48. d5 Rb4+ 49. Kc5 Rxa4 50. Re3 Ra1 51. d6 a4 52.
d7 Rd1 53. Kc6 Rc1+ 54. Kb7 Rb1+ 55. Kc7 Rc1+ 56. Kd8 Rc4 57. Rf3+ Kg7 58. Ke7
Re4+ 59. Kd6 Rd4+ 60. Ke6 Rd1 61. Rf7+ Kg8 62. Re7 1-0

[Event "61st ch-RUS HL"]
[Site "Novokuznetsk RUS"]
[Date "2008.09.03"]
[Round "1"]
[White "Smikovski, I."]
[Black "Tregubov, P."]
[Result "1/2-1/2"]
[WhiteElo "2554"]
[BlackElo "2658"]
[PlyCount "129"]
[EventDate "2008.09.03"]

1. e4 c5 2. Nf3 Nc6 3. d4 cxd4 4. Nxd4 Nf6 5. Nc3 e5 6. Ndb5 d6 7. Bg5 a6 8.
Na3 b5 9. Bxf6 gxf6 10. Nd5 f5 11. Bd3 Be6 12. O-O Bxd5 13. exd5 Ne7 14. Re1
Bg7 15. c3 O-O 16. Qh5 e4 17. Bf1 Re8 18. Rad1 Ng6 19. Qxf5 Re5 20. Qh3 Qf6 21.
g3 Qg5 22. Bg2 f5 23. Nc2 Rae8 24. Nb4 f4 25. Nc6 Rxd5 26. Qd7 Kf8 27. h4 Qh5
28. Bf3 Qf5 29. Bg4 Qxd7 30. Bxd7 Rxd1 31. Rxd1 Ra8 32. Rxd6 fxg3 33. fxg3 Ne5
34. Bf5 e3 35. Nd4 Nc4 36. Rd7 Bxd4 37. Rxd4 Nxb2 38. Kf1 Na4 39. Rd3 Ra7 40.
Rxe3 Rc7 41. Re6 a5 42. Ra6 Nxc3 43. Rxa5 Rf7 44. g4 h5 45. Kg2 hxg4 46. Bxg4
Rf4 47. Ra8+ Kg7 48. Kh3 Ra4 49. Rb8 Rxa2 50. h5 Ne4 51. Rb7+ Kh8 52. Bf5 Ra3+
53. Kg2 Nd6 54. Rh7+ Kg8 55. Bg6 Ra8 56. Rd7 Nc4 57. Rb7 Nd6 58. Rb6 Nf7 59.
Kg3 Rd8 60. Kf4 Rd1 61. Kf5 Rd5+ 62. Ke4 Rd1 63. Rb8+ Kg7 64. Bxf7 Kxf7 65.
Rxb5 1/2-1/2

[Event "61st ch-RUS HL"]
[Site "Novokuznetsk RUS"]
[Date "2008.09.03"]
[Round "1"]
[White "Amonatov, F."]
[Black "Kiriakov, P."]
[Result "1-0"]
[WhiteElo "2650"]
[BlackElo "2553"]
[PlyCount "87"]
[EventDate "2008.09.03"]

1. e4 e6 2. d4 d5 3. Nc3 Nf6 4. Bg5 dxe4 5. Nxe4 Be7 6. Bxf6 gxf6 7. Nf3 f5 8.
Nc3 a6 9. Qe2 b5 10. O-O-O b4 11. Na4 Qd5 12. Qc4 Qxc4 13. Bxc4 Nc6 14. d5 Na5
15. Be2 Bd7 16. b3 Bxa4 17. bxa4 Bf6 18. dxe6 fxe6 19. Nd4 Ke7 20. Rhe1 Bxd4
21. Rxd4 c5 22. Rh4 h6 23. g4 Kf6 24. gxf5 exf5 25. Rd1 Rae8 26. Bxa6 Re6 27.
Bb5 Rh7 28. Rd5 Re5 29. Rd6+ Re6 30. Rxe6+ Kxe6 31. Kb2 Rh8 32. a3 bxa3+ 33.
Kxa3 Ke5 34. Kb2 Nb7 35. Kb3 Nd6 36. c4 Ne4 37. a5 Nd2+ 38. Ka4 Nf3 39. Rh3 Nd4
40. a6 Kd6 41. a7 Kc7 42. Rxh6 Ra8 43. Ra6 Kb7 44. h4 1-0

[Event "61st ch-RUS HL"]
[Site "Novokuznetsk RUS"]
[Date "2008.09.03"]
[Round "1"]
[White "Grachev, B."]
[Black "Rychagov, A."]
[Result "1/2-1/2"]
[WhiteElo "2640"]
[BlackElo "2549"]
[PlyCount "337"]
[EventDate "2008.09.03"]

1. c4 e6 2. Nc3 d5 3. d4 Be7 4. cxd5 exd5 5. Bf4 Nf6 6. e3 O-O 7. Bd3 c5 8.
Nge2 Nc6 9. h3 cxd4 10. exd4 Be6 11. O-O Nb4 12. Bb1 Re8 13. Nb5 Na6 14. Nec3
Qb6 15. Bd3 Rec8 16. a3 Qd8 17. Rc1 Ne8 18. Qf3 Nac7 19. Nxc7 Nxc7 20. Na4 b6
21. Nc3 a5 22. Rc2 Bd6 23. Be5 Ne8 24. Re2 Bf8 25. Rfe1 Qd7 26. Re3 Rd8 27. Qf4
Rac8 28. Qh4 g6 29. Ba6 Ra8 30. Bb5 Qe7 31. Qf4 Rac8 32. Qf3 Bh6 33. R3e2 Bg7
34. Bxe8 Qxe8 35. Bf6 Bxf6 36. Qxf6 Qf8 37. Re5 Qg7 38. Qf3 Rc4 39. Nxd5 Rxd4
40. Ne7+ Kh8 41. Nc6 Rd3 42. R5e3 Rxe3 43. Qxe3 Rd5 44. Qxb6 Qf6 45. Ne5 Kg7
46. Qe3 a4 47. Qc3 h6 48. Re4 Bf5 49. Re3 Be6 50. Re4 Bf5 51. Re1 Be6 52. f4 g5
53. fxg5 hxg5 54. Qe3 Bf5 55. Re2 Be6 56. Kh2 Bf5 57. Qg3 Kf8 58. Nf3 Be6 59.
Re4 Bd7 60. Re5 Rxe5 61. Nxe5 Be6 62. Nf3 g4 63. hxg4 Qxb2 64. Qd6+ Kg7 65. Kg3
Qc3 66. Qe7 Qe3 67. Qb4 Qb3 68. Qd4+ Kg8 69. Qc5 Qd5 70. Qxd5 Bxd5 71. Kf4 Kg7
72. Ke5 Be6 73. g5 Bb3 74. Nh4 Bc2 75. Nf3 Bb3 76. Nd4 Kg6 77. Ke4 Bc4 78. Nf3
Bb3 79. Kf4 Bd5 80. Nh4+ Kh5 81. g3 Be6 82. Nf3 Kg6 83. Ne5+ Kg7 84. Nd3 Bc4
85. Nc5 Bb5 86. Kf5 Bc6 87. Ne4 Bd5 88. Ke5 Bb3 89. Nc5 Kg6 90. Kf4 Bc2 91. Nd7
Kg7 92. Ke3 Kg6 93. Kf4 Kg7 94. Nf6 Bb3 95. Ng4 Bc2 96. Nh2 Bb3 97. Nf3 Bc2 98.
Nd4 Bb3 99. Nf5+ Kg6 100. Ne7+ Kg7 101. Ke5 Bc2 102. Kd4 Bb3 103. Kc3 Bd1 104.
Kd2 Bb3 105. Ke2 Bc4+ 106. Kf3 Bb3 107. Kg4 Bd1+ 108. Kh4 Bc2 109. Nd5 Bb3 110.
Nf4 Bc2 111. Kg4 Bd1+ 112. Kf5 Bc2+ 113. Ke5 Bb3 114. Kd6 Bc2 115. Ke7 Bb1 116.
Kd6 Bc2 117. Kc5 Bb3 118. Kb4 Bd1 119. Kc3 Bb3 120. Kd2 Bc4 121. Ke3 Bb3 122.
Nd3 Bc4 123. Nc5 Bb5 124. Ke4 Kg6 125. Kf4 Bc6 126. Nd3 Bd5 127. Ne5+ Kg7 128.
Nf3 Bb3 129. g4 Bd1 130. Nd4 Kg6 131. Nc6 Bc2 132. Ne5+ Kg7 133. Ke3 Bd1 134.
Ke4 Bc2+ 135. Kf4 Bb3 136. Kg3 Bd1 137. Kh4 Bb3 138. Nd3 Bc2 139. Nf4 Bb1 140.
Ne2 Bd3 141. Nc3 Bc2 142. Kg3 Kg6 143. Kf4 Kg7 144. Nb5 Bd1 145. Nd4 Kg6 146.
Nf5 Bc2 147. Nh4+ Kg7 148. Ke5 Bd1 149. Kf5 Bc2+ 150. Kf4 Bb1 151. Nf3 Bd3 152.
Ne5 Bc2 153. Ke3 Bd1 154. Kd2 Bb3 155. Kc3 Bd1 156. Kb4 f6 157. gxf6+ Kxf6 158.
Nd7+ Ke7 159. Ne5 Ke6 160. Nc4 Bxg4 161. Kxa4 Be2 162. Nd2 Kd5 163. Kb4 Kc6
164. a4 Kb6 165. Ne4 Bf1 166. a5+ Ka6 167. Nc5+ Ka7 168. a6 Bxa6 169. Nxa6
1/2-1/2

[Event "61st ch-RUS HL"]
[Site "Novokuznetsk RUS"]
[Date "2008.09.03"]
[Round "1"]
[White "Volkov, Sergey1"]
[Black "Maletin, P."]
[Result "1/2-1/2"]
[WhiteElo "2636"]
[BlackElo "2545"]
[PlyCount "80"]
[EventDate "2008.09.03"]

1. d4 Nf6 2. c4 e6 3. Nc3 Bb4 4. f3 c5 5. d5 O-O 6. e4 d6 7. Nge2 b5 8. Nf4
exd5 9. Nfxd5 Nxd5 10. Qxd5 Qb6 11. Bf4 bxc4 12. Bxc4 Nc6 13. O-O Be6 14. Qd3
Ne5 15. Bxe5 dxe5 16. Nd5 Bxd5 17. exd5 Qd6 18. Rf2 Ba5 19. Rc1 Bc7 20. g3 Qh6
21. Qd2 Qf6 22. Kg2 Bd6 23. Bd3 Rab8 24. Rc4 Rb4 25. Rxb4 cxb4 26. Qe3 Rc8 27.
Qxa7 g6 28. Qa6 Rc1 29. a4 bxa3 30. bxa3 h5 31. Rc2 Rxc2+ 32. Bxc2 h4 33. Qc8+
Kg7 34. a4 h3+ 35. Qxh3 Qg5 36. Qc8 Qd2+ 37. Kh3 Qh6+ 38. Kg2 Qd2+ 39. Kh3 Qh6+
40. Kg2 Qd2+ 1/2-1/2

[Event "61st ch-RUS HL"]
[Site "Novokuznetsk RUS"]
[Date "2008.09.03"]
[Round "1"]
[White "Kornev, Alexei"]
[Black "Potkin, V."]
[Result "1/2-1/2"]
[WhiteElo "2523"]
[BlackElo "2629"]
[PlyCount "69"]
[EventDate "2008.09.03"]

1. e4 c5 2. Nf3 e6 3. c3 d5 4. exd5 Qxd5 5. d4 Nf6 6. Be3 cxd4 7. cxd4 Bb4+ 8.
Nc3 O-O 9. Be2 Bd7 10. Ne5 Nc6 11. Bf3 Qd6 12. O-O Bxc3 13. bxc3 Rac8 14. Bf4
Nd5 15. Bxd5 Qxd5 16. Re1 Nxe5 17. Rxe5 Qc4 18. Bd2 f6 19. Re3 Rc6 20. Rg3 Rf7
21. h4 e5 22. dxe5 Qxh4 23. Rb1 Be6 24. Rb4 Rc4 25. exf6 Qxf6 26. Rf3 Qg6 27.
Rxf7 Qxf7 28. Rxc4 Bxc4 29. a3 a6 30. Be3 h6 31. Qg4 Be6 32. Qf4 Qxf4 33. Bxf4
Kf7 34. f3 Bb3 35. Be5 1/2-1/2

[Event "61st ch-RUS HL"]
[Site "Novokuznetsk RUS"]
[Date "2008.09.03"]
[Round "1"]
[White "Kobalia, M."]
[Black "Maslak, K."]
[Result "1-0"]
[WhiteElo "2618"]
[BlackElo "2521"]
[PlyCount "153"]
[EventDate "2008.09.03"]

1. e4 c5 2. Nf3 d6 3. c3 Nf6 4. h3 Nc6 5. Bd3 e5 6. O-O Be7 7. Bc2 O-O 8. d4
cxd4 9. cxd4 Qb6 10. Nc3 exd4 11. Ne2 Nb4 12. Nfxd4 Nxc2 13. Qxc2 Qc5 14. Qd3
Bd7 15. Be3 Qa5 16. Nc3 Rfe8 17. Rad1 Bf8 18. Rfe1 Bc6 19. Bf4 Rad8 20. Nxc6
bxc6 21. Qd2 Kh8 22. Bg5 Re6 23. Bxf6 Rxf6 24. Re3 g6 25. Qd4 Bg7 26. Qc4 Rc8
27. Nd5 Re6 28. Ra3 Qc5 29. Qxc5 dxc5 30. Nc3 Bxc3 31. Rxc3 Rxe4 32. Rd7 Kg7
33. Rxa7 Re1+ 34. Kh2 Re2 35. Rf3 Rf8 36. Rb7 Re4 37. Rc3 Re5 38. Rc7 Rb8 39.
b3 Rb6 40. g4 Re6 41. Kg3 Ra6 42. a4 Rd6 43. Rb7 Ra5 44. Kg2 Rf6 45. Re7 Rd6
46. Rf3 Rf6 47. Re5 Rd6 48. Rc3 Rd5 49. Re7 Rd6 50. Rc7 Rf6 51. Kg3 h6 52. h4
g5 53. hxg5 hxg5 54. Re7 Kg6 55. Re5 Rd6 56. Rcxc5 Rxc5 57. Rxc5 Rd3+ 58. Kg2
Rxb3 59. Rxc6+ Kg7 60. a5 Ra3 61. a6 Kh7 62. Kf1 Ra2 63. Ke1 Kg7 64. f3 Ra3 65.
Ke2 f6 66. Rc7+ Kg6 67. a7 f5 68. gxf5+ Kxf5 69. Kd2 Kf4 70. Rf7+ Kg3 71. Kc2
Kf2 72. Kb2 Ra6 73. Kc3 Ke3 74. Kc4 Ra1 75. Kc5 Kf2 76. Kb6 Kg3 77. Rf5 1-0

[Event "61st ch-RUS HL"]
[Site "Novokuznetsk RUS"]
[Date "2008.09.03"]
[Round "1"]
[White "Kabanov, N."]
[Black "Riazantsev, A."]
[Result "0-1"]
[WhiteElo "2521"]
[BlackElo "2617"]
[PlyCount "82"]
[EventDate "2008.09.03"]

1. e4 e6 2. d4 d5 3. Nc3 Nf6 4. e5 Nfd7 5. f4 c5 6. Nf3 Nc6 7. Be3 Be7 8. Qd2
O-O 9. h4 a6 10. g3 b5 11. a3 Bb7 12. Bh3 Rc8 13. O-O g6 14. Kh2 Qc7 15. Qf2
Na5 16. Ne2 Nc4 17. Bc1 cxd4 18. Nexd4 Nc5 19. b3 Na5 20. Bb2 Nc6 21. Qe3 Nxd4
22. Nxd4 Ne4 23. b4 Bd8 24. Rfc1 Qb6 25. Bf1 Qa7 26. Nf5 Qxe3 27. Nxe3 Bb6 28.
Ng4 h5 29. Nf6+ Nxf6 30. exf6 Be3 31. Bd3 Bxc1 32. Rxc1 d4 33. Bxd4 Rfd8 34.
Bc5 Bd5 35. Be3 Rc3 36. Ra1 Bc4 37. Bb6 Rd7 38. Be4 Rd2+ 39. Kh3 Be2 40. Bf2
Bg4+ 41. Kg2 Bf5 0-1

[Event "61st ch-RUS HL"]
[Site "Novokuznetsk RUS"]
[Date "2008.09.03"]
[Round "1"]
[White "Vitiugov, N."]
[Black "Skorchenko, D."]
[Result "1-0"]
[WhiteElo "2616"]
[BlackElo "2511"]
[PlyCount "69"]
[EventDate "2008.09.03"]

1. d4 d5 2. c4 c6 3. Nf3 Nf6 4. Nc3 dxc4 5. a4 Bf5 6. Ne5 Nbd7 7. Nxc4 Nb6 8.
Ne5 a5 9. e3 h6 10. g4 Bh7 11. Bg2 e6 12. O-O Bb4 13. Qe2 O-O 14. f4 Nfd7 15.
Nd3 Qe7 16. Ne4 f6 17. b3 e5 18. dxe5 fxe5 19. f5 Kh8 20. Bb2 Rad8 21. Nxb4
axb4 22. a5 Nd5 23. a6 Nc5 24. Nxc5 Qxc5 25. Bxd5 Rxd5 26. axb7 Qb6 27. Ra8 Rg8
28. Rxg8+ Bxg8 29. g5 Qxb7 30. e4 Qb6+ 31. Rf2 Ra5 32. gxh6 gxh6 33. Qd2 Qa7
34. Qxh6+ Qh7 35. Qd6 1-0

[Event "61st ch-RUS HL"]
[Site "Novokuznetsk RUS"]
[Date "2008.09.03"]
[Round "1"]
[White "Landa, K."]
[Black "Iskusnyh, S."]
[Result "1-0"]
[WhiteElo "2615"]
[BlackElo "2499"]
[PlyCount "69"]
[EventDate "2008.09.03"]

1. e4 c5 2. Nf3 d6 3. d4 cxd4 4. Nxd4 Nf6 5. Nc3 Nc6 6. Bg5 e6 7. Qd2 Qb6 8.
Nb3 Be7 9. Bxf6 gxf6 10. Be2 Bd7 11. f4 Rg8 12. g3 O-O-O 13. O-O-O Kb8 14. Kb1
Na5 15. Bh5 Nxb3 16. axb3 Be8 17. f5 Qc7 18. Qh6 Bc6 19. Bxf7 Bf8 20. Qxf6 Bg7
21. Qxe6 Rgf8 22. Bh5 Be5 23. Nd5 Qa5 24. Rhe1 Rc8 25. c3 b5 26. Be2 Bb7 27.
Rd3 Rc6 28. b4 Qd8 29. Qe7 Qc8 30. Bd1 Re8 31. Qf7 Qd8 32. Bb3 a5 33. bxa5 Ra6
34. Nb4 Ra7 35. a6 1-0

[Event "61st ch-RUS HL"]
[Site "Novokuznetsk RUS"]
[Date "2008.09.03"]
[Round "1"]
[White "Kalegin, E."]
[Black "Khismatullin, D."]
[Result "0-1"]
[WhiteElo "2495"]
[BlackElo "2613"]
[PlyCount "62"]
[EventDate "2008.09.03"]

1. e4 c5 2. Nf3 Nc6 3. Bb5 Nf6 4. Bxc6 dxc6 5. d3 Nd7 6. e5 Nb6 7. Nbd2 Bf5 8.
Qe2 e6 9. O-O Be7 10. Ne4 O-O 11. c4 Nd7 12. h3 h6 13. Bf4 Re8 14. Rad1 Qb6 15.
g4 Bh7 16. Kh1 Nf8 17. Bg3 Rad8 18. b3 Rd7 19. Bh4 Bxh4 20. Nxh4 Bxe4+ 21. dxe4
Red8 22. f4 Qa5 23. Rxd7 Rxd7 24. f5 Qd2 25. Qf2 Qd3 26. Qf3 Qc2 27. Rf2 Rd2
28. Rxd2 Qxd2 29. Ng2 Qxa2 30. Kh2 Qb2 31. Qg3 Nd7 0-1

[Event "61st ch-RUS HL"]
[Site "Novokuznetsk RUS"]
[Date "2008.09.03"]
[Round "1"]
[White "Korotylev, A."]
[Black "Matlakov, M."]
[Result "1/2-1/2"]
[WhiteElo "2609"]
[BlackElo "2484"]
[PlyCount "77"]
[EventDate "2008.09.03"]

1. d4 d5 2. c4 c6 3. Nc3 Nf6 4. e3 a6 5. Bd3 b5 6. b3 Bg4 7. Nge2 Bh5 8. O-O
Bg6 9. f3 e6 10. a3 Nbd7 11. e4 dxe4 12. Nxe4 Be7 13. Bf4 O-O 14. N2c3 e5 15.
dxe5 Nh5 16. Be3 Nxe5 17. Be2 Nf6 18. cxb5 Nxe4 19. Nxe4 cxb5 20. a4 Bxe4 21.
fxe4 bxa4 22. Rxa4 Qc7 23. Kh1 a5 24. Bf4 Bb4 25. Bc4 Qe7 26. Bd5 Rac8 27. Ra2
Kh8 28. Be3 Qd6 29. Qh5 f6 30. Rf4 Rc7 31. Ra1 Bc5 32. Bd2 Nd3 33. Raf1 Nxf4
34. Bxf4 Qe7 35. Bxc7 Qxc7 36. g3 Bb4 37. Be6 g6 38. Qf3 Qc3 39. Qxc3 1/2-1/2

[Event "61st ch-RUS HL"]
[Site "Novokuznetsk RUS"]
[Date "2008.09.03"]
[Round "1"]
[White "Smirnov, Arte"]
[Black "Nepomniachtchi, I."]
[Result "0-1"]
[WhiteElo "2452"]
[BlackElo "2602"]
[PlyCount "102"]
[EventDate "2008.09.03"]

1. d4 d5 2. c4 c6 3. Nf3 Nf6 4. e3 Bg4 5. h3 Bh5 6. Nc3 e6 7. g4 Bg6 8. Ne5
Nbd7 9. Nxg6 hxg6 10. cxd5 exd5 11. Bg2 Bb4 12. Qd3 Qe7 13. Bd2 Nb6 14. a3 Bd6
15. e4 dxe4 16. Nxe4 Nxe4 17. Qxe4 O-O-O 18. Qxe7 Bxe7 19. O-O-O Rxd4 20. Rde1
Rd7 21. Kc2 Na4 22. Rhf1 Rhd8 23. Be3 Bf6 24. b3 Nb6 25. g5 Bd4 26. Bc1 Nd5 27.
f4 Ne7 28. Bf3 Nf5 29. Bg4 Kc7 30. h4 Rd5 31. Rh1 Bf2 32. Re5 Nd4+ 33. Kc3 Nb5+
34. Kc2 Rxe5 35. fxe5 Rd4 36. Rf1 Rxg4 37. Rxf2 Nd4+ 38. Kd3 Nf5 39. h5 Kd7 40.
hxg6 fxg6 41. Bf4 Ke6 42. Ke4 Rh4 43. a4 Rh3 44. Rb2 Ne7 45. Be3 a6 46. b4 Rh4+
47. Kf3 Nd5 48. Bc5 Kxe5 49. Kg3 Rc4 50. Bf8 Kf5 51. Bxg7 Rxb4 0-1

[Event "61st ch-RUS HL"]
[Site "Novokuznetsk RUS"]
[Date "2008.09.03"]
[Round "1"]
[White "Lysyj, I."]
[Black "Chuprikov, D."]
[Result "1-0"]
[WhiteElo "2596"]
[BlackElo "2450"]
[PlyCount "125"]
[EventDate "2008.09.03"]

1. d4 d5 2. c4 c6 3. Nf3 Nf6 4. e3 Bg4 5. h3 Bxf3 6. Qxf3 e6 7. Nc3 Nbd7 8. Bd3
Bb4 9. Bd2 O-O 10. a3 Ba5 11. cxd5 cxd5 12. O-O Rc8 13. Rfd1 h6 14. Rac1 Bb6
15. b4 Bc7 16. e4 dxe4 17. Nxe4 Nd5 18. Bc4 Bb8 19. g3 N7f6 20. Nc5 Qe7 21. Re1
Rfd8 22. Kg2 Bd6 23. Bd3 b6 24. Ne4 Rxc1 25. Bxc1 Nxe4 26. Bxe4 Qc7 27. Bd2 Be7
28. Rc1 Qd7 29. Bb1 Bf6 30. Qe4 Kf8 31. Bd3 Qa4 32. Bc4 Qd7 33. b5 Kg8 34. Bd3
g6 35. Bxh6 Ne7 36. Bf1 Qxd4 37. Qxd4 Rxd4 38. Bf4 Ra4 39. Bd6 Nd5 40. Rc8+ Kh7
41. Bc4 Be7 42. Bxe7 Nxe7 43. Rc7 Kg7 44. Rxe7 Rxc4 45. Rxa7 g5 46. Kf3 Kg6 47.
Ke3 Rc3+ 48. Kd2 Rf3 49. Ke2 Rb3 50. a4 Ra3 51. Kd2 f5 52. Ra6 Kf6 53. Rxb6
Rxa4 54. Rc6 Ke5 55. b6 Kd5 56. b7 Rb4 57. Rc7 Kd6 58. Rg7 Ke5 59. Kc3 Rb1 60.
Rf7 Ke4 61. h4 gxh4 62. gxh4 Kf4 63. Rg7 1-0

[Event "61st ch-RUS HL"]
[Site "Novokuznetsk RUS"]
[Date "2008.09.03"]
[Round "1"]
[White "Pokazanjev, N."]
[Black "Smirnov, P."]
[Result "1/2-1/2"]
[WhiteElo "2442"]
[BlackElo "2592"]
[PlyCount "83"]
[EventDate "2008.09.03"]

1. e4 c5 2. Nf3 d6 3. d4 cxd4 4. Nxd4 Nf6 5. Nc3 a6 6. Be2 e6 7. O-O Be7 8. f4
O-O 9. Be3 Nc6 10. Kh1 Qc7 11. Qe1 Nxd4 12. Bxd4 b5 13. a3 Bb7 14. Qg3 Rad8 15.
Rae1 Rd7 16. Bd3 Re8 17. Nd1 Qd8 18. Qh3 g6 19. Ne3 Bf8 20. Bxf6 Qxf6 21. e5
Qd8 22. Ng4 Bg7 23. Nf6+ Bxf6 24. exf6 Qxf6 25. f5 Qg5 26. c4 Rc7 27. cxb5 axb5
28. Bxb5 Rc2 29. Rg1 Re7 30. Bd3 Rxb2 31. fxe6 Rb3 32. exf7+ Rxf7 33. Rb1 Rxb1
34. Rxb1 Bd5 35. Bc4 Bxc4 36. Qc8+ Kg7 37. Qxc4 Qe3 38. h3 Qc5 39. Qd3 Ra7 40.
Rd1 Rxa3 41. Qxd6 Qxd6 42. Rxd6 1/2-1/2

[Event "61st ch-RUS HL"]
[Site "Novokuznetsk RUS"]
[Date "2008.09.03"]
[Round "1"]
[White "Bocharov, D."]
[Black "Garakov, M."]
[Result "1-0"]
[WhiteElo "2582"]
[BlackElo "2439"]
[PlyCount "117"]
[EventDate "2008.09.03"]

1. d4 Nf6 2. Nf3 c5 3. d5 d6 4. Nc3 g6 5. e4 Bg7 6. Bc4 O-O 7. O-O Bg4 8. h3
Bxf3 9. Qxf3 Nbd7 10. Qd1 Ne8 11. a4 Nc7 12. Re1 b6 13. Nb5 a6 14. Nxc7 Qxc7
15. Qe2 Qb7 16. f4 Nf6 17. e5 Ne8 18. Bd3 dxe5 19. fxe5 Qxd5 20. c3 Ra7 21. Bg5
Qa8 22. Rad1 Kh8 23. h4 f6 24. Be3 fxe5 25. h5 e4 26. Bb1 gxh5 27. a5 bxa5 28.
Bxc5 Rc7 29. Bb6 Rc8 30. Bxe4 Qb8 31. Qxa6 Nf6 32. Bf3 e5 33. Qxa5 e4 34. Be2
Rc6 35. Bd4 Qxb2 36. Qf5 Qb8 37. Rf1 Qc8 38. Qg5 Re6 39. Rf5 Qe8 40. Rdf1 Qg6
41. Qh4 e3 42. Bc4 e2 43. Bxe6 exf1=Q+ 44. Rxf1 h6 45. Rf5 Nh7 46. Qf4 Bxd4+
47. Qxd4+ Qg7 48. Qc5 h4 49. c4 Qa1+ 50. Kh2 Qg7 51. Qd6 Nf6 52. Qf4 Kh7 53.
Kh3 Qg6 54. Qxh4 Kg7 55. Rf3 Kh8 56. c5 Nh7 57. Qd4+ Nf6 58. c6 Qg7 59. c7 1-0

[Event "61st ch-RUS HL"]
[Site "Novokuznetsk RUS"]
[Date "2008.09.03"]
[Round "1"]
[White "Klimov, A."]
[Black "Kokarev, Dm"]
[Result "1/2-1/2"]
[WhiteElo "2423"]
[BlackElo "2582"]
[PlyCount "99"]
[EventDate "2008.09.03"]

1. d4 Nf6 2. c4 g6 3. Nc3 Bg7 4. e4 O-O 5. Be2 d6 6. Nf3 e5 7. O-O Na6 8. Re1
c6 9. Bf1 exd4 10. Nxd4 Ng4 11. h3 Qb6 12. hxg4 Qxd4 13. g5 Qxd1 14. Rxd1 Nc5
15. Rxd6 Bxc3 16. bxc3 Nxe4 17. Rd3 Nc5 18. Re3 Ne6 19. Re5 b6 20. a4 c5 21. a5
Bd7 22. Be3 Bc6 23. g3 Rfd8 24. Bg2 Bxg2 25. Kxg2 Kf8 26. Kf3 Ke7 27. Ke4 Rac8
28. f4 Kf8 29. g4 Nc7 30. f5 Ne8 31. Rd5 gxf5+ 32. gxf5 Nd6+ 33. Kf3 Nxc4 34.
Rxd8+ Rxd8 35. axb6 axb6 36. Bf4 Kg7 37. Ra7 Re8 38. Rb7 Re1 39. Rb8 Ne5+ 40.
Bxe5+ Rxe5 41. Kf4 Re1 42. Rxb6 Rc1 43. Rb8 h6 44. gxh6+ Kxh6 45. Ke5 Kg7 46.
f6+ Kh7 47. Rf8 Rxc3 48. Rxf7+ Kg8 49. Rc7 Rc1 50. Ke4 1/2-1/2

[Event "61st ch-RUS HL"]
[Site "Novokuznetsk RUS"]
[Date "2008.09.03"]
[Round "1"]
[White "Chuprov, D."]
[Black "Kosov, Iv"]
[Result "1-0"]
[WhiteElo "2577"]
[BlackElo "2405"]
[PlyCount "67"]
[EventDate "2008.09.03"]

1. e4 c5 2. Nf3 e6 3. d4 cxd4 4. Nxd4 a6 5. c4 Nf6 6. Nc3 Qc7 7. Be2 Bb4 8. Qd3
Nc6 9. O-O Nxd4 10. Qxd4 d6 11. Bg5 e5 12. Qd3 Bxc3 13. bxc3 Nd7 14. Rfd1 f6
15. Be3 Ke7 16. Rab1 Nc5 17. Bxc5 Qxc5 18. Qg3 g6 19. Rd5 Qc7 20. c5 dxc5 21.
Bg4 Bxg4 22. Qxg4 Rad8 23. c4 Rd6 24. f4 exf4 25. Qxf4 g5 26. Qg3 Rhd8 27. e5
Rxd5 28. exf6+ Kd7 29. Qg4+ Kc6 30. cxd5+ Rxd5 31. Qe6+ Qd6 32. Qc8+ Qc7 33.
Qe8+ Qd7 34. f7 1-0

[Event "61st ch-RUS HL"]
[Site "Novokuznetsk RUS"]
[Date "2008.09.03"]
[Round "1"]
[White "Kravtsov, S."]
[Black "Deviatkin, A."]
[Result "1/2-1/2"]
[WhiteElo "2404"]
[BlackElo "2567"]
[PlyCount "109"]
[EventDate "2008.09.03"]

1. d4 d5 2. c4 c6 3. Nf3 Nf6 4. g3 dxc4 5. Bg2 b5 6. O-O e6 7. a4 Bb7 8. b3
cxb3 9. Qxb3 a6 10. Nbd2 Nbd7 11. e4 Be7 12. e5 Nd5 13. Ne4 O-O 14. Bg5 c5 15.
dxc5 Bxg5 16. Nexg5 Nxe5 17. Nxe5 Qxg5 18. c6 Bc8 19. f4 Qe7 20. Bxd5 exd5 21.
axb5 Rb8 22. Qxd5 Rxb5 23. Qc4 Qa7+ 24. Kh1 Qc7 25. Rad1 Be6 26. Qe4 Rc8 27.
Rfe1 f6 28. Nc4 Bf5 29. Qg2 Bg4 30. Rd3 Rc5 31. Nd6 Rb8 32. Qa2+ Kf8 33. Qa3
Qxc6+ 34. Ne4 Re8 35. Rde3 Rxe4 36. Rxe4 Kf7 37. Kg1 Kg6 38. Qa4 Rb5 39. Qd4 h5
40. Re7 Rd5 41. Qe3 Qd6 42. Rb7 Rd1 43. Rxd1 Qxd1+ 44. Kf2 Qc2+ 45. Kg1 Qd1+
46. Kf2 Bh3 47. Qe4+ Kh6 48. Rb1 Qd2+ 49. Qe2 Qd4+ 50. Qe3 Qd5 51. Rb8 Kh7 52.
Qe8 Qd2+ 53. Qe2 Qd4+ 54. Qe3 Qc4 55. Rh8+ 1/2-1/2

[Event "61st ch-RUS HL"]
[Site "Novokuznetsk RUS"]
[Date "2008.09.04"]
[Round "2"]
[White "Nepomniachtchi, I."]
[Black "Zvjaginsev, V."]
[Result "1-0"]
[WhiteElo "2602"]
[BlackElo "2663"]
[PlyCount "147"]
[EventDate "2008.09.03"]

1. e4 c5 2. Nf3 Nc6 3. d4 cxd4 4. Nxd4 g6 5. c4 Nf6 6. Nc3 d6 7. Be2 Nxd4 8.
Qxd4 Bg7 9. Be3 O-O 10. Qd2 Be6 11. O-O Qa5 12. Rac1 Rfc8 13. b3 a6 14. Bf3
Rab8 15. Ba7 Ra8 16. Bd4 h5 17. Rfe1 Kh7 18. Qb2 Bh6 19. Rcd1 Nd7 20. Nd5 Re8
21. b4 Qd8 22. e5 Rc8 23. exd6 Bxd5 24. Bxd5 exd6 25. Bxf7 Rxe1+ 26. Rxe1 Ne5
27. Bxe5 dxe5 28. Qxe5 Bg7 29. Qe7 Qd2 30. g3 Rc7 31. Bxg6+ Kh6 32. Qxc7 Qxe1+
33. Kg2 Kxg6 34. Qxb7 Qe6 35. b5 axb5 36. cxb5 Bf6 37. Qc6 Qxa2 38. b6 Qa6 39.
h4 Kf5 40. Qd7+ Ke4 41. b7 Be5 42. Qd1 Qb5 43. Qxh5 Qb2 44. Qf7 Kd4 45. Qd7+
Kc5 46. Qc8+ Kd5 47. h5 Qb1 48. Qd7+ Kc5 49. h6 Qe4+ 50. Kh2 Qh4+ 51. Qh3 Qf6
52. Kg1 Kb6 53. Qc8 Qxh6 54. b8=Q+ Bxb8 55. Qxb8+ Kc6 56. Qc8+ Kd5 57. Qf5+ Kc6
58. Kg2 Qh8 59. Qe6+ Kc7 60. g4 Qa8+ 61. Kg3 Qa1 62. f4 Kd8 63. Qd5+ Kc8 64. f5
Qe1+ 65. Kf4 Qc1+ 66. Ke5 Qg5 67. Qc6+ Kb8 68. Qg6 Qe3+ 69. Kf6 Qd4+ 70. Kf7
Qc4+ 71. Kg7 Qc7+ 72. Kh8 Qh2+ 73. Kg8 Qa2+ 74. Qe6 1-0

[Event "61st ch-RUS HL"]
[Site "Novokuznetsk RUS"]
[Date "2008.09.04"]
[Round "2"]
[White "Lysyj, I."]
[Black "Amonatov, F."]
[Result "1/2-1/2"]
[WhiteElo "2596"]
[BlackElo "2650"]
[PlyCount "67"]
[EventDate "2008.09.03"]

1. d4 d5 2. c4 c6 3. Nf3 Nf6 4. e3 a6 5. Bd3 Bg4 6. Nbd2 e6 7. Qc2 Nbd7 8. b3
Bh5 9. Bb2 Bg6 10. Bxg6 hxg6 11. Rd1 Bd6 12. g3 Qe7 13. O-O O-O 14. Rfe1 Ba3
15. Ba1 Bb4 16. Re2 c5 17. cxd5 Nxd5 18. e4 N5f6 19. Nc4 cxd4 20. Bxd4 b5 21.
Nce5 Nxe5 22. Nxe5 Rac8 23. Qb1 Rfd8 24. Rc2 Qb7 25. Rxc8 Rxc8 26. f3 Qc7 27.
Nd3 Ba3 28. Bb2 Be7 29. Rc1 Qb6+ 30. Kg2 Rd8 31. Rd1 Rc8 32. Rc1 Rd8 33. Rd1
Rc8 34. Rc1 1/2-1/2